000
00232nam a22001097a 4500
082
_a
954.7JAM
100
_a
Jameel Jalibi
245
_a
pakistan the identity of culture
260
_a
Karachi
_c
1984
300
_a
212
942
_c
BK
999
_c
14107
_d
14107